15 Mars 2025 | Nature - Statistiques

Statistiques générales
  • Ce quiz a été pris 21 fois
  • Le résultat moyen est 8 sur 15
Statistiques - réponses
Question Réponse % Correct
Quel animal est connu pour sa capacité à changer de couleur ? Caméléon
95%
Quel insecte est réputé pour sa pollinisation des fleurs ? Abeille
89%
Quelle forêt est connue pour sa biodiversité exceptionnelle ? Amazonie
89%
Quel phénomène naturel se forme souvent après la pluie et nécessite du soleil ? Arc-en-ciel
89%
Quel est le plus grand océan de la planète ? Pacifique
89%
Quel est le plus grand mammifère terrestre ? Éléphant
84%
Quel gaz est produit par les plantes lors de la photosynthèse ? Oxygène
84%
Quelle est la plus haute montagne du monde ? Everest
79%
Quelle est la plus grande plante du monde ? Sequoia
47%
Quel type de climat est connu pour ses saisons sèches et humides ? Tropical
47%
Quelle unité mesure la température ? Degrés Celsius
16%
Quel phénomène est causé par la rotation de la Terre ? Cycle jour/nuit
5%
Quel animal est symbole de sagesse dans plusieurs cultures ? Hibou
5%
Quelle est la période de floraison des cerisiers au Japon ? Hanami
0%
Quelle couche de la Terre est constituée de roches et de minéraux ? Lithosphère
0%
Aucun quiz correspondant
Distribution des résultats
% des personnes avec chaque résultat
Percentile par nombre de réponses
Votre historique - résultats
Vous n’avez pas pris ce quiz